[Event "Penang op-A 14th"]
[Site "Penang"]
[Date "2022.12.22"]
[Round "6"]
[White "Chua, Jia Tien"]
[Black "Wong, Shyun Fwu Aldrin"]
[Result "1/2-1/2"]
[WhiteElo "1765"]
[BlackElo "1468"]
[PlyCount "88"]
[EventDate "2022.12.19"]
[EventType "swiss"]
[EventRounds "9"]
[EventCountry "MAS"]
[SourceTitle "CBM 211 Extra"]
[Source "ChessBase"]
[SourceDate "2023.01.31"]
[SourceVersion "1"]
[SourceVersionDate "2023.01.31"]
[SourceQuality "1"]

1. e4 e5 2. Nf3 Nc6 3. Bc4 Bc5 4. c3 Nf6 5. d3 a6 6. Bb3 d6 7. Nbd2 Be6 8. Nf1 Qe7 9. Ng3 h6 10. Qe2 Bxb3 11. axb3 g6 12. b4 Ba7 13. Be3 Bxe3 14. Qxe3 Rd8 15. 0-0 Kf8 16. h3 Kg7 17. Nh4 Qf8 18. f4 d5 19. fxe5 Nxe5 20. Qf4 Ned7 21. Qxc7 dxe4 22. dxe4 Qe8 23. Rad1 Qe5 24. Qd6 Qxd6 25. Rxd6 Rde8 26. c4 Re5 27. Nf3 Re7 28. Kf2 Rc8 29. b3 Rc7 30. Re1 Ne5 31. Nxe5 Rxe5 32. Kf3 Rce7 33. Re2 h5 34. h4 Nd7 35. c5 Nb8 36. Rb6 Nc6 37. Rd2 f5 38. b5 fxe4+ 39. Nxe4 axb5 40. Nd6 Rxc5 41. Rxb5 Rxb5 42. Nxb5 Ne5+ 43. Kf4 Nc6 44. Nd6 Kh6 1/2-1/2

[Event "Tanglin op"]
[Site "Singapore"]
[Date "2022.05.31"]
[Round "5"]
[White "Motty, Kuriakose Mathew"]
[Black "Wong, Shyun Fwu Aldrin"]
[Result "0-1"]
[WhiteElo "1106"]
[BlackElo "1451"]
[PlyCount "104"]
[EventDate "2022.05.28"]
[EventType "swiss"]
[EventRounds "9"]
[EventCountry "SIN"]
[SourceTitle "CBM 208 Extra"]
[Source "ChessBase"]
[SourceDate "2022.07.31"]
[SourceVersion "1"]
[SourceVersionDate "2022.07.31"]
[SourceQuality "1"]

1. d4 Nf6 2. Nf3 g6 3. g3 Bg7 4. Bg2 0-0 5. b3 c5 6. Bb2 cxd4 7. Nxd4 Nc6 8. Nf3 d6 9. 0-0 Qc7 10. Nbd2 Bd7 11. c4 a5 12. Rc1 a4 13. Bc3 axb3 14. axb3 Ra7 15. e3 Rfa8 16. Nd4 Qc8 17. Re1 Ng4 18. Nxc6 bxc6 19. Bxg7 Kxg7 20. h3 Ne5 21. Ne4 Bxh3 22. Qd4 c5 23. Qc3 Bxg2 24. Kxg2 Qf5 25. Nd2 Kg8 26. e4 Qd7 27. Rh1 f6 28. Rh4 Kg7 29. Qe3 Nf7 30. Rch1 Rh8 31. f4 h6 32. g4 Ra2 33. Kg3 Qa7 34. Qd3 Qa5 35. Nf3 Qa3 36. g5 h5 37. gxf6+ exf6 38. R4h2 Rb2 39. Rxb2 Qxb2 40. Rh2 Qa3 41. Kh4 Rb8 42. Nd2 Qc1 43. Qg3 g5+ 44. fxg5 fxg5+ 45. Kxh5 Qd1+ 46. Nf3 Rh8+ 47. Kg4 Rxh2 48. Qxh2 Ne5+ 49. Kh3 Qxf3+ 50. Qg3 Kg6 51. Qxf3 Nxf3 52. Kg4 Nd2 0-1

[Event "Tanglin op"]
[Site "Singapore"]
[Date "2022.05.31"]
[Round "6"]
[White "Wong, Shyun Fwu Aldrin"]
[Black "Ho, Ray Ee"]
[Result "1-0"]
[WhiteElo "1451"]
[BlackElo "1227"]
[PlyCount "137"]
[EventDate "2022.05.28"]
[EventType "swiss"]
[EventRounds "9"]
[EventCountry "SIN"]
[SourceTitle "CBM 208 Extra"]
[Source "ChessBase"]
[SourceDate "2022.07.31"]
[SourceVersion "1"]
[SourceVersionDate "2022.07.31"]
[SourceQuality "1"]

1. e4 e6 2. d3 d5 3. Qe2 dxe4 4. dxe4 e5 5. Nf3 Nc6 6. c3 Nf6 7. Qc2 Bd6 8. Nbd2 Qe7 9. a4 a5 10. Bb5 Bd7 11. Nc4 h6 12. Bd2 Bc5 13. Be3 Bxe3 14. Nxe3 g6 15. 0-0 0-0 16. Rfe1 Nh7 17. Nd5 Qd8 18. Rad1 f5 19. exf5 Bxf5 20. Qb3 Kh8 21. Nb6 Qf6 22. Nxa8 Rxa8 23. Bxc6 bxc6 24. Nxe5 Rf8 25. f3 g5 26. Qc4 h5 27. Qxc6 Qg7 28. Qc4 g4 29. Qd4 Nf6 30. fxg4 hxg4 31. Rf1 Be6 32. Qd3 Rg8 33. Qg3 Qh6 34. Qf4 Qxf4 35. Rxf4 Nd5 36. Rfd4 Nb6 37. Nc6 Kh7 38. Nxa5 Ra8 39. b4 Nxa4 40. Re1 Bf5 41. Re7+ Kg6 42. Rxc7 Re8 43. Kf2 Kg5 44. Rd6 Nb2 45. Rg7+ Kf4 46. Rd4+ Ke5 47. Nc6+ Kf6 48. Rgxg4 Bxg4 49. Rxg4 Kf5 50. Rg3 Nd1+ 51. Kf1 Nb2 52. Nd4+ Kf4 53. Rf3+ Kg4 54. h3+ Kg5 55. b5 Nc4 56. Kf2 Kg6 57. g4 Nd6 58. Nf5 Ne4+ 59. Kg2 Nc5 60. h4 Rb8 61. c4 Ra8 62. Kg3 Ra4 63. Nd6 Ra8 64. h5+ Kh6 65. b6 Rb8 66. Rf6+ Kg7 67. Rf7+ Kh6 68. Kh4 Na6 69. g5# 1-0

[Event "Tanglin op"]
[Site "Singapore"]
[Date "2022.05.30"]
[Round "4"]
[White "Wong, Shyun Fwu Aldrin"]
[Black "Cheng, Chee Heng Jayden"]
[Result "0-1"]
[WhiteElo "1451"]
[BlackElo "1095"]
[PlyCount "68"]
[EventDate "2022.05.28"]
[EventType "swiss"]
[EventRounds "9"]
[EventCountry "SIN"]
[SourceTitle "CBM 208 Extra"]
[Source "ChessBase"]
[SourceDate "2022.07.31"]
[SourceVersion "1"]
[SourceVersionDate "2022.07.31"]
[SourceQuality "1"]

1. e4 c5 2. Nf3 d6 3. d4 cxd4 4. Nxd4 Nf6 5. Nc3 a6 6. f4 e5 7. Nf3 Nbd7 8. a4 Qc7 9. Bd3 Be7 10. 0-0 0-0 11. Kh1 Nc5 12. Qe1 Re8 13. fxe5 dxe5 14. Qg3 Be6 15. Be3 Ng4 16. Bg1 Rad8 17. Rad1 Nf6 18. Qxe5 Bd6 19. Qg5 h6 20. Qh4 Bg4 21. Rde1 h5 22. Qf2 Nxd3 23. cxd3 Bb4 24. Rc1 Qa5 25. Qb6 Rxd3 26. Ng5 Bxc3 27. Nxf7 Qxb6 28. Bxb6 Bd2 29. Rc7 Nxe4 30. h3 Ng3+ 31. Kg1 Nxf1 32. hxg4 Ng3 33. Bf2 Be3 34. Bxe3 Rdxe3 0-1

[Event "Hong Kong Jolimark op"]
[Site "Hong Kong"]
[Date "2018.12.23"]
[Round "3"]
[White "Wong, Shyun Fwu Aldrin"]
[Black "Tan, Olivier Printemps Z"]
[Result "1-0"]
[WhiteElo "1643"]
[BlackElo "1284"]
[PlyCount "57"]
[EventDate "2018.12.22"]
[EventType "swiss"]
[EventRounds "9"]
[EventCountry "HKG"]
[SourceTitle "CBM 188 Extra"]
[Source "ChessBase"]
[SourceDate "2019.02.28"]
[SourceVersion "1"]
[SourceVersionDate "2019.02.28"]
[SourceQuality "1"]

1. e4 e5 2. Nf3 Nc6 3. Bb5 a6 4. Ba4 Nf6 5. 0-0 d6 6. Re1 Be7 7. c3 Bg4 8. d3 0-0 9. Nbd2 b5 10. Bc2 Nd7 11. h3 Bh5 12. Nf1 f5 13. exf5 Nf6 14. g4 Nxg4 15. hxg4 Bxg4 16. Ne3 Bxf5 17. Nxf5 Rxf5 18. d4 Rf8 19. Qd3 g6 20. Qe4 d5 21. Bb3 Rf6 22. Bxd5+ Kg7 23. Bxc6 Qf8 24. Bxa8 Rf4 25. Nxe5 Rxf2 26. Bh6+ Kxh6 27. Ng4+ Kh5 28. Nxf2 Bh4 29. Qg4+ 1-0

[Event "Penang op 10th"]
[Site "Penang"]
[Date "2018.12.07"]
[Round "8"]
[White "Wong, Shyun Fwu Aldrin"]
[Black "Yeoh, Seong Jui Michael"]
[Result "1-0"]
[WhiteElo "1643"]
[BlackElo "1486"]
[PlyCount "69"]
[EventDate "2018.12.03"]
[EventType "swiss"]
[EventRounds "9"]
[EventCountry "MAS"]
[SourceTitle "CBM 187 Extra"]
[Source "ChessBase"]
[SourceDate "2018.11.04"]
[SourceVersion "1"]
[SourceVersionDate "2018.11.04"]
[SourceQuality "1"]

1. e4 c5 2. Nf3 e6 3. d3 Nc6 4. g3 d5 5. Qe2 dxe4 6. dxe4 Bd6 7. Bg2 Nge7 8. 0-0 0-0 9. Rd1 Qc7 10. Na3 Qb8 11. c3 a6 12. Nc4 Bc7 13. e5 Nd5 14. a4 b6 15. Nd6 Ra7 16. c4 Nde7 17. Nh4 Nd4 18. Qg4 Bxd6 19. exd6 Qxd6 20. Bh6 Ng6 21. Nxg6 hxg6 22. Be3 e5 23. Qg5 Qf6 24. Qxf6 gxf6 25. a5 b5 26. cxb5 axb5 27. b4 Bg4 28. f3 Bxf3 29. Bxd4 Bxd1 30. Bxc5 Rd7 31. Bxf8 Kxf8 32. a6 Ra7 33. Rxd1 Rxa6 34. Rd5 Rb6 35. Bf1 1-0

[Event "Hong Kong Jolimark op"]
[Site "Hong Kong"]
[Date "2017.12.23"]
[Round "1"]
[White "Wong, Shyun Fwu Aldrin"]
[Black "Chen, Junxue"]
[Result "1-0"]
[WhiteElo "1694"]
[BlackElo "1185"]
[PlyCount "31"]
[EventDate "2017.12.23"]
[EventType "swiss"]
[EventRounds "9"]
[EventCountry "HKG"]
[SourceTitle "CBM 182 Extra"]
[Source "ChessBase"]
[SourceDate "2018.02.23"]
[SourceVersion "1"]
[SourceVersionDate "2018.02.23"]
[SourceQuality "1"]

1. e4 e5 2. Nf3 Nc6 3. Bb5 Bc5 4. c3 Nf6 5. 0-0 a6 6. Ba4 b5 7. Bc2 0-0 8. d4 exd4 9. cxd4 Bb4 10. e5 Nd5 11. Bxh7+ Kxh7 12. Ng5+ Kg8 13. Qh5 Nf6 14. exf6 Re8 15. Qh7+ Kf8 16. Qh8# 1-0

[Event "London Classic op U2050 9th"]
[Site "London"]
[Date "2017.12.07"]
[Round "4"]
[White "Bansal, Saahil"]
[Black "Wong, Shyun Fwu Aldrin"]
[Result "1/2-1/2"]
[WhiteElo "1503"]
[BlackElo "1694"]
[PlyCount "109"]
[EventDate "2017.12.04"]
[EventType "swiss"]
[EventRounds "5"]
[EventCountry "ENG"]
[SourceTitle "CBM 182 Extra"]
[Source "ChessBase"]
[SourceDate "2018.02.23"]
[SourceVersion "1"]
[SourceVersionDate "2018.02.23"]
[SourceQuality "1"]

1. d4 Nf6 2. c4 g6 3. Nc3 Bg7 4. e4 d6 5. Be2 0-0 6. Bg5 h6 7. Bh4 c6 8. Rc1 Qa5 9. Qc2 e5 10. dxe5 dxe5 11. Nf3 Re8 12. 0-0 Nbd7 13. Rcd1 Nf8 14. Rd2 Bg4 15. h3 Bxf3 16. Bxf3 Rad8 17. Rfd1 Ne6 18. Rxd8 Rxd8 19. Rxd8+ Qxd8 20. Ne2 Qd6 21. Bxf6 Bxf6 22. Bg4 Nc7 23. Qb3 h5 24. Bf3 b6 25. Qa4 a6 26. Nc3 Be7 27. a3 b5 28. cxb5 axb5 29. Qc2 Ne6 30. Ne2 Bd8 31. g4 h4 32. Kg2 Bb6 33. Kg1 Ng5 34. Bg2 Qf6 35. Nc3 Nf3+ 36. Kf1 Qf4 37. Qe2 Qc1+ 38. Nd1 Nd4 39. Qd3 c5 40. Bf3 Qf4 41. Kg2 Qf6 42. Nc3 c4 43. Qd1 Qc6 44. Nd5 Kg7 45. Qd2 Qc5 46. Qg5 Nxf3 47. Qf6+ Kg8 48. Nxb6 Ne1+ 49. Kf1 Nd3 50. Nd7 Qd4 51. Qd8+ Kh7 52. Qxh4+ Kg8 53. Qd8+ Kh7 54. Qh4+ Kg8 55. Qd8+ 1/2-1/2

[Event "London Classic op U2050 9th"]
[Site "London"]
[Date "2017.12.06"]
[Round "3"]
[White "Wong, Shyun Fwu Aldrin"]
[Black "Collard, Armell E"]
[Result "0-1"]
[WhiteElo "1694"]
[BlackElo "1700"]
[PlyCount "78"]
[EventDate "2017.12.04"]
[EventType "swiss"]
[EventRounds "5"]
[EventCountry "ENG"]
[SourceTitle "CBM 182 Extra"]
[Source "ChessBase"]
[SourceDate "2018.02.23"]
[SourceVersion "1"]
[SourceVersionDate "2018.02.23"]
[SourceQuality "1"]

1. e4 e6 2. d3 c5 3. Nf3 Nc6 4. g3 d5 5. Qe2 Be7 6. Bg2 Nf6 7. 0-0 0-0 8. e5 Nd7 9. c4 d4 10. h4 a6 11. Bf4 Rb8 12. Nbd2 b5 13. h5 bxc4 14. Nxc4 Na5 15. Nfd2 Nxc4 16. Nxc4 Bb7 17. Qg4 Kh8 18. Bxb7 Rxb7 19. h6 g6 20. Qf3 Ra7 21. Bd2 f6 22. Qc6 Nxe5 23. Nxe5 fxe5 24. Qxe6 Qd6 25. Qc4 g5 26. Rae1 Bd8 27. Re4 Raf7 28. Rg4 Qxh6 29. Qxc5 Rf5 30. Qd5 Qh3 31. Qe4 h5 32. Bb4 Qxg4 33. Qc6 R5f6 34. Qd5 Re8 35. Re1 Qf3 36. Qd7 Qxf2+ 37. Kh1 Qf3+ 38. Kh2 Qc6 39. Qa7 Rf2+ 0-1

[Event "Hong Kong Jolimark op"]
[Site "Hong Kong"]
[Date "2016.12.30"]
[Round "9"]
[White "Wong, Shyun Fwu Aldrin"]
[Black "Zuo, Yifan"]
[Result "0-1"]
[WhiteElo "1655"]
[BlackElo "1998"]
[PlyCount "58"]
[EventDate "2016.12.26"]
[EventType "swiss"]
[EventRounds "9"]
[EventCountry "HKG"]
[SourceTitle "CBM 176 Extra"]
[Source "ChessBase"]
[SourceDate "2017.03.02"]
[SourceVersion "1"]
[SourceVersionDate "2017.03.02"]
[SourceQuality "1"]

1. e4 c5 2. Nf3 Nc6 3. Bb5 e6 4. 0-0 Nge7 5. Re1 a6 6. Bf1 d5 7. e5 d4 8. d3 Ng6 9. g3 Qc7 10. Qe2 Be7 11. Bg2 f6 12. exf6 gxf6 13. Bh6 e5 14. h4 Bg4 15. Nbd2 0-0-0 16. Nf1 Rhg8 17. N1h2 Be6 18. Nd2 Nh8 19. Ne4 Nf7 20. Bc1 h6 21. g4 Qd7 22. f3 f5 23. Nf2 Bxh4 24. Rf1 Rg7 25. Kh1 Rdg8 26. gxf5 Bxf5 27. Ne4 Rxg2 28. Qxg2 Rxg2 29. Kxg2 Bh3+ 0-1

[Event "Hong Kong Jolimark op"]
[Site "Hong Kong"]
[Date "2016.12.27"]
[Round "4"]
[White "Burbach, Brunel Baron"]
[Black "Wong, Shyun Fwu Aldrin"]
[Result "0-1"]
[WhiteElo "1275"]
[BlackElo "1655"]
[PlyCount "54"]
[EventDate "2016.12.26"]
[EventType "swiss"]
[EventRounds "9"]
[EventCountry "HKG"]
[SourceTitle "CBM 176 Extra"]
[Source "ChessBase"]
[SourceDate "2017.03.02"]
[SourceVersion "1"]
[SourceVersionDate "2017.03.02"]
[SourceQuality "1"]

1. e4 e5 2. Nf3 Nc6 3. Bb5 a6 4. Bxc6 dxc6 5. d4 exd4 6. Qxd4 Qxd4 7. Nxd4 Bd7 8. f3 0-0-0 9. Be3 Re8 10. Kf2 c5 11. Nb3 b6 12. c4 f5 13. N1d2 Nf6 14. Bg5 fxe4 15. Bxf6 e3+ 16. Kf1 gxf6 17. Ne4 Bg7 18. Nc3 f5 19. Rc1 c6 20. a4 Be6 21. Nd1 e2+ 22. Kf2 exd1Q 23. Rhxd1 Bxb2 24. Rc2 Bf6 25. a5 Kc7 26. Rb1 bxa5 27. Nxc5 Bd4+ 0-1

[Event "Penang op 7th"]
[Site "Penang"]
[Date "2015.12.11"]
[Round "8"]
[White "Priasmoro, Novendra"]
[Black "Wong, Shyun Fwu Aldrin"]
[Result "1-0"]
[WhiteElo "2324"]
[BlackElo "1593"]
[PlyCount "59"]
[EventDate "2015.12.07"]
[EventType "swiss"]
[EventRounds "9"]
[EventCountry "MAS"]
[SourceTitle "CBM 169 Extra"]
[Source "ChessBase"]
[SourceDate "2015.12.18"]
[SourceVersion "1"]
[SourceVersionDate "2015.12.18"]
[SourceQuality "1"]

1. e4 e5 2. Nf3 Nc6 3. Bb5 a6 4. Bxc6 dxc6 5. 0-0 Bg4 6. h3 h5 7. d3 Qf6 8. Be3 Bxf3 9. Qxf3 Qxf3 10. gxf3 Bd6 11. Re1 c5 12. Kf1 Ne7 13. Ke2 Nc6 14. c3 f6 15. h4 Kf7 16. Na3 Rad8 17. Rac1 Rhe8 18. Nc4 b5 19. Nd2 Rb8 20. Rc2 Red8 21. Rb1 Rb7 22. Nb3 c4 23. dxc4 bxc4 24. Nd2 Na5 25. b4 cxb3 26. axb3 c5 27. Ra2 Nc6 28. Rxa6 Nd4+ 29. cxd4 cxd4 30. Nc4 1-0

[Event "London Classic op 6th"]
[Site "London"]
[Date "2014.12.11"]
[Round "4"]
[White "Wong, Shyun Fwu Aldrin"]
[Black "Fernandez Aransay, Fernando"]
[Result "0-1"]
[WhiteElo "1652"]
[BlackElo "1861"]
[PlyCount "94"]
[EventDate "2014.12.08"]
[EventType "swiss"]
[EventRounds "9"]
[EventCountry "ENG"]
[SourceTitle "CBM 163 Extra"]
[Source "ChessBase"]
[SourceDate "2014.12.23"]
[SourceVersion "1"]
[SourceVersionDate "2014.12.23"]
[SourceQuality "1"]

1. e4 c5 2. Nf3 d6 3. d4 cxd4 4. Nxd4 Nf6 5. Nc3 g6 6. Be3 Bg7 7. f3 0-0 8. Qd2 Nc6 9. 0-0-0 d5 10. Nxc6 bxc6 11. exd5 cxd5 12. Bd4 Qa5 13. Be5 Be6 14. Qd4 Rfd8 15. Qa4 Qc5 16. Bd4 Bh6+ 17. Kb1 Qc7 18. Nb5 Qb7 19. Qa5 Rdc8 20. Bxf6 exf6 21. Nd6 Qc7 22. Qxc7 Rxc7 23. Nb5 Rb7 24. Nd4 Rab8 25. b3 Bd7 26. a4 Bxa4 27. Ka2 Bd7 28. Be2 a5 29. g3 a4 30. f4 Ra7 31. Kb2 f5 32. Ra1 Bg7 33. c3 Bxd4 34. cxd4 Rxb3+ 35. Ka2 Rb4 36. Rhd1 Rc7 37. Rd2 Rc3 38. Rb1 Rbb3 39. Rxb3 Rxb3 40. Bd1 Re3 41. Be2 Kg7 42. Bd3 h6 43. Kb2 g5 44. fxg5 hxg5 45. Kc2 Kf6 46. Rf2 a3 47. Rf1 Rxd3 0-1